| 000 | 00000nam##2200000za#4500 |
| 001 | 9.588549 |
| 003 | CaOODSP |
| 005 | 20210624195201 |
| 007 | cr ||||||||||| |
| 008 | 150406|1987||||xxc|||||o f|0| 0 eng|d |
| 040 | |aCaOODSP|beng |
| 041 | |aeng |
| 041 | |afre |
| 043 | |an-cn--- |
| 086 | 1 |aCS92-112-1987-PDF |
| 245 | 00|aNew Brunswick |h[electronic resource] |
| 260 | |aOttawa - Ontario : |bStatistics Canada |c1987. |
| 490 | 1 |aPopulation and dwelling counts, Provinces and Territories |v112 |
| 500 | |aHistorical census publication digitized by Statistics Canada. |
| 590 | |a13-07-Supp|b2013-03-25 |
| 690 | 07|aCensus|2gcpds |
| 710 | 2 |aStatistics Canada. |
| 792 | |tNouveau-Brunswick |efre|w(CaOODSP)9.588550 |
| 830 | #0|aPopulation and dwelling counts, Provinces and Territories ;|v112|w(CaOODSP)9.500689 |
| 856 | 40|ahttp://publications.gc.ca|qPDF|s5.4 MB|uhttps://publications.gc.ca/collections/collection_2013/statcan/rh-hc/CS92-112-1987.pdf|y112 |